000 00539nam a2200217Ia 4500
003 OSt
005 20220928140545.0
006 a|||||r|||| 00| 0
007 ta
008 220927b |||||||| |||| 00| 0 eng d
024 _a9344
037 _cTextual
040 _aSDCL
_cSDCL
_beng
041 _2eng
_aeng
082 _aO-,3L71:g(Y), M1
100 _aMcMaster Graham
_9495847
245 0 _aScott and society.
260 _c1981
942 _hO-,3L71:g(Y), M1
_cTEXL
_2CC
999 _c812092
_d812092